000 00942nac a22002411u 4500
010 _a 82173449
020 _a0878915346 (pbk.)
082 0 0 _a604.24076
090 _c6001
_d6001
100 _a20080729
245 0 4 _aThe Technical design graphics problem solver /
_cstaff of Research and Education Association ; M. Fogiel, director.
260 _aNew York, N.Y. :
_bREA,1982
_cc1982.
300 _axi, 788 p. :
_bill. ;
_c26 cm.
500 _aIncludes index.
500 _adistributer: Al-Ahram
511 _acatalogued by: wessam
650 0 _aMechanical drawing
_xProblems, exercises, etc.
650 0 _aEngineering graphics
_xProblems, exercises, etc.
700 1 _aFogiel, M.
_q(Max)
710 2 _aResearch and Education Association.
942 _cBB
_k604.24076
999 _c6001
_d6001